| 000 | 00526cam a22002051 4500 | ||
|---|---|---|---|
| 001 | he 65001358 | ||
| 003 | DLC | ||
| 005 | 20260227111433.0 | ||
| 008 | 840508s1965 is 000 0 heb | ||
| 010 | _ahe 65001358 | ||
| 035 | _a(OCoLC)19140341 | ||
| 040 |
_aDLC _cMH _dDLC |
||
| 042 | _apremarc | ||
| 050 | 0 | 0 |
_aPJ5054.W3 _bK5 1965 |
| 100 | 1 | _aWallenrod, Reuben. | |
| 245 | 1 | 0 |
_aKi fanah yom : _bsipur. |
| 260 |
_a[Tel Aviv] : _bMaḥbarot le-sifrut _c[1965] |
||
| 300 |
_a258 p. ; _c21 cm. |
||
| 752 |
_aIsrael _dTel Aviv |
||
| 999 |
_c31343 _d31343 |
||